Tập tục và ăn uống của người Ba Na Kriêm Bình Định /

সংরক্ষণ করুন:
গ্রন্থ-পঞ্জীর বিবরন
প্রধান লেখক: Yang Danh.
বিন্যাস: Sách giấy
ভাষা:Vietnamese
প্রকাশিত: H. : Văn hóa dân tộc, 2016.
বিষয়গুলি:
ট্যাগগুলো: ট্যাগ যুক্ত করুন
কোনো ট্যাগ নেই, প্রথমজন হিসাবে ট্যাগ করুন!
Thư viện lưu trữ: Thư viện Trường Đại học Đà Lạt
LEADER 01029nam a2200325 4500
001 DLU180183251
005 ##20180119
020 # # |a 9786047014286 
040 # # |a DLU  |b vie 
041 # # |a vie 
044 # # |a vn 
082 # # |a 394.12  |b YA-D 
100 # # |a Yang Danh. 
245 # # |a Tập tục và ăn uống của người Ba Na Kriêm Bình Định /  |c Yang Danh. 
260 # # |a H. :  |b Văn hóa dân tộc,  |c 2016. 
300 # # |a 402 tr. ;  |c 21 cm. 
505 # # |a Phần thứ nhất. Khái quát về người Ba Na Kriêm ở Bình Định -- Phần thứ hai. Tập tục ăn và uống của người Ba Na Kriêm ở Bình Định. 
650 # # |a Ba Na (Dân tộc Việt Nam)  |x Thực phẩm  |z Việt Nam  |z Bình Định. 
650 # # |a Thói quen ăn uống  |z Việt Nam  |z Bình Định. 
923 # # |a 01/2017 
991 # # |a SH 
992 # # |a 16000 
994 # # |a DLU 
900 # # |a True 
911 # # |a Nguyễn Thanh Hương 
925 # # |a G 
926 # # |a A 
927 # # |a SH 
980 # # |a Thư viện Trường Đại học Đà Lạt